Beyoncé BEYONCÉ (Platinum Edition) - Statistics

General Stats
  • This quiz has been taken 12 times
  • The average score is 14 of 20
Answer Stats
Hint Answer % Correct
14 Blue
100%
8 Rocket
100%
4 Blow
90%
3 Drunk In Love
90%
13 Heaven
90%
1 Pretty Hurts
90%
10 XO
90%
15 7/11
80%
11 ***Flawless
80%
2 Haunted
80%
7 Jealous
80%
9 Mine
70%
5 No Angel
70%
6 Partition
70%
12 Superpower
70%
18 Ring Off
50%
17 Drunk In Love Remix
40%
16 Flawless Remix
40%
19 Blow Remix
30%
20 Standing on the Sun Remix
20%
No matching quizzes found
Score Distribution
Percent of People with Each Score
Percentile by Number Answered
Your Score History
You have not taken this quiz